000
00353nas a2200157 a 4500
001
34261
003
100971
005
20201118101041.0
008
||||||n9999 ||| || ||
041
_a
eng
245
0
_a
Time - Vol.144 No.1-22,24-26
260
_a
Estados Unidos :
_b
Time,
_c
1994.
562
_e
1
773
_0
21966
_a
Time
942
_c
SISS
999
_c
34261
_d
34261